[Event "Sotra op"]
[Site "Sotra"]
[Date "2001.11.15"]
[Round "8"]
[White "Woldseth, Ole"]
[Black "Lillholm, Paul Erik"]
[Result "1-0"]
[WhiteElo "1777"]
[BlackElo "1452"]
[PlyCount "55"]
[EventDate "2001.09.??"]
[EventType "swiss"]
[EventRounds "9"]
[EventCountry "NOR"]
[SourceTitle "EXT 2005"]
[Source "ChessBase"]
[SourceDate "2004.11.15"]
[SourceVersion "1"]
[SourceVersionDate "2004.11.15"]
[SourceQuality "1"]

1. d4 Nf6 2. Nf3 d5 3. c4 dxc4 4. e3 Bf5 5. Nc3 e6 6. Bxc4 c6 7. Nh4 Bg6 8. Nxg6 hxg6 9. Qc2 Bd6 10. Bd2 b5 11. Bd3 a5 12. f4 Na6 13. a3 Ng4 14. Ne4 Rc8 15. Nxd6+ Qxd6 16. Bxb5 Qd5 17. Bxa6 Qxg2 18. 0-0-0 Rc7 19. Rhg1 Qf3 20. Rg3 Qd5 21. Rxg4 Rxh2 22. Bc4 Qf3 23. Rgg1 Kf8 24. Rdf1 Qh5 25. Rg5 Qh3 26. Rxa5 Qg2 27. Bb4+ Kg8 28. Ra8+ 1-0

[Event "Sotra op"]
[Site "Sotra"]
[Date "2001.09.27"]
[Round "4"]
[White "Lillholm, Paul Erik"]
[Black "Woldseth, Ole"]
[Result "0-1"]
[WhiteElo "1452"]
[BlackElo "1777"]
[PlyCount "120"]
[EventDate "2001.09.??"]
[EventType "swiss"]
[EventRounds "9"]
[EventCountry "NOR"]
[SourceTitle "EXT 2005"]
[Source "ChessBase"]
[SourceDate "2004.11.15"]
[SourceVersion "1"]
[SourceVersionDate "2004.11.15"]
[SourceQuality "1"]

1. f4 d5 2. Nf3 Nf6 3. e3 Bg4 4. Be2 e6 5. 0-0 Nbd7 6. b3 c6 7. Bb2 Qc7 8. Ne5 Bxe2 9. Qxe2 Bd6 10. d4 Ne4 11. Nxd7 Qxd7 12. Nd2 f5 13. c4 0-0 14. a4 Qe7 15. Nxe4 fxe4 16. c5 Bc7 17. Bc3 Kh8 18. Qg4 Qf7 19. b4 h5 20. Qh3 a6 21. g4 Qg6 22. Qxh5+ Qxh5 23. gxh5 Rf5 24. Be1 Rxh5 25. Bg3 Rf5 26. Bh4 g6 27. Bg5 e5 28. h4 exd4 29. exd4 Raf8 30. Ra2 Bxf4 31. Raf2 Bh2+ 32. Kg2 Rxf2+ 33. Rxf2 Rxf2+ 34. Kxf2 Kg8 35. Kg2 Bc7 36. Kh3 Kf7 37. a5 Ke6 38. Kg4 Bh2 39. Be3 Kf6 40. Kh3 Bc7 41. Kg4 Ke6 42. Bf2 Bd8 43. Be3 Bf6 44. Bf2 Bg7 45. Be3 Kf7 46. Kg5 Bf6+ 47. Kg4 Kg7 48. Kg3 Kh7 49. Kg4 Bg7 50. Bf2 Bh6 51. Be1 Be3 52. Bc3 Kh6 53. Kh3 Kh5 54. Kg3 Bc1 55. Be1 Bb2 56. Kf4 Bxd4 57. Kg3 Bf6 58. Kf4 Bxh4 59. Bc3 g5+ 60. Ke5 Bf2 0-1